Contemporary issues in cost accounting :

Đã lưu trong:
书目详细资料
主要作者: Anton, Hector R.
格式: 图书
语言:Undetermined
出版: Boston Houghton Mifflin Company 1966
主题:
标签: 添加标签
没有标签, 成为第一个标记此记录!
Thư viện lưu trữ: Trung tâm Học liệu Trường Đại học Cần Thơ
LEADER 00491nam a2200181Ia 4500
001 CTU_68692
008 210402s9999 xx 000 0 und d
082 |a 657.4208 
082 |b A634 
100 |a Anton, Hector R. 
245 0 |a Contemporary issues in cost accounting : 
245 0 |c Hector R. Anton 
260 |a Boston 
260 |b Houghton Mifflin Company 
260 |c 1966 
650 |a Cost accounting 
904 |i TUYEN 
980 |a Trung tâm Học liệu Trường Đại học Cần Thơ